00501npc a2200169Ia 4500001001400000003001000014008004100024040002500065041000700090100001100097245006300108250001100171260004700182300001000229500007800239650001400317dp 1/2-39946 IT-MiCISF161014s9999||||xx | und|| aIT-MiCISFcIT-MiCISF ait aAA.VV. 0aDichiarazione sulla diminuzine della fecondità nel mondo a1a ed. bPontificio Consiglio per la Famigliac1998 app. 6 aPontificio Consiglio per la Famiglia / denatalità, società, chiesa /  asocietà